Formula 1 World Champions Sudden Death - Statistics

General Stats
  • This quiz has been taken 83 times
  • The average score is 11 of 18
Answers on the Grid
Answers color-coded by a green-red scale on the quiz's grid according to % correct below.
Alan Jones
Felipe Massa
Nino Farina
Charles Leclerc
Lewis Hamilton
Bruce Mclaren
Jody Scheckter
Stirling Moss
Alain Prost
Eddie Irvine
Juan Manuel Fangio
Lando Norris
Jochen Rindt
Jacky Ickx
Sebastian Vettel
Romain Grosjean
Jim Clark
Michael Schumacher
Carlos Reutemann
Mike Hawthorn
Ayrton Senna
Gerhard Berger
Keke Rosberg
Mario Andretti
Clay Regazzoni
Graham Hill
Denny Hulme
Tony Brooks
Riccardo Patrese
Jarno Trulli
Nigel Mansell
John Surtees
 
Answer Stats
Answer % Correct
Lewis Hamilton
87%
Alain Prost
77%
Michael Schumacher
69%
Alan Jones
67%
Ayrton Senna
67%
Juan Manuel Fangio
67%
Sebastian Vettel
66%
Nigel Mansell
62%
Nino Farina
62%
Graham Hill
59%
Jim Clark
57%
Jody Scheckter
57%
Mario Andretti
57%
Keke Rosberg
54%
Jochen Rindt
49%
John Surtees
49%
Mike Hawthorn
49%
Denny Hulme
44%
No matching quizzes found
Score Distribution
Percent of People with Each Score
Percentile by Number Answered
Your Score History
You have not taken this quiz